000 00996nam a2200253Ia 4500
003 OSt
005 20221005112057.0
006 a|||||r|||| 00| 0
007 ta
008 221004b |||||||| |||| 00| 0 hin d
020 _a8182250068 (hbk)
_c160
024 _a169
037 _b427, 11/03/2013, Eastern Book Linkers
_cTextual
040 _aCRL
_cCRL
_bhin
041 _2hin
_ahin
082 _aDelta2:864, 152P8
100 _aशर्मा, कल्याणदत्त
245 0 _aज्योतिड्ढ पीयूड्ढ
246 _aJyotiḍḍha pīyūḍḍha
260 _aहरिद्वार
_bवेदमाता गायत्री ट्रस्ट भारत
_c2008
650 _aआध्यात्मिक अनुभव और रहस्यवाद
942 _hDelta2:864, 152P8
_cTEXL
_2cc
999 _c1023757
_d1023757